000 01100nam a22001937a 4500
003 JO-AjAnu
005 20240710112834.0
008 240414b jo ||||| |||| 00| 0 ara d
040 _aJO-AjAnu
_bara
_cJO-AjAnu
041 0 _aara
100 1 _aالعامري، علاء الدين محمد سعد
_eمعد
_965350
245 1 0 _aأثر بيئة العمل على سلوك العاملين في المصارف الاسلامية الاردنية = The Impact of the Business Environment on the Behavior of Employees in Jordanian Islamic Banks /
_cاعداد علاء الدين محمد سعد العامري ؛ اشراف محي الدين يعقوب ابو الهول
260 _c2023
300 _a113 ورقة
500 _aرسالة جامعية ( رسالة ماجستير في المصارف الاسلامية) - جامعة عجلون الوطنية ( عجلون، الاردن)، كلية الاعمال، 2023.
650 7 0 _aالمصارف الاسلامية - الاردن
_965351
700 1 _aابو الهول، محي الدين يعقوب
_964950
_eمشرف
942 _2lcc
_cTHS
_n0
999 _c33448
_d33448